000 01241nam a22002777a 4500
001 3328
003 FISKH
005 20250502094708.0
008 240227b cb ||||| |||| 00| 0 eng d
020 _a9781848798847
040 _aFISKH
_beng
_cFISKH
_dFISKH
050 _a629
100 _aBugbird, Tim
245 _aMini mechanics emergecy! /
_cWritten by Tim Bugbird and Jane Horne
260 _aUK :
_bMake Believe Ideas Ltd ,
_c2011
300 _a20 pages :
_bcolor illustrations ;
_c21 cm .
505 _aQ
520 _aJointhe Mini Mechanics as they learn and discover more about the amazing world ofvehicles The Mini Mechanics are on hand to teach you all about theworld's toughest, strongest and most hardworking machines, including: Diggers and Dumpers, Tractor and Trucks, Mighty Machines and emergency vehicles in Fire Fire Each spread explores a mega machine at work, usingbright, bold photographic images and simple facts to satisfy every little one'scuriosity about things that go
521 8 _a660
_bLexile
521 8 _aQ
_bRaz-Plus
600 _2vehicles
_vnon-fiction
650 _atransportation
_vnon-fiction
700 _aHorne, Jane
_eillustrator
942 _2ddc
_cBK
_n0
999 _c3328
_d3328